LAWAK BUDAK SEKOLAH : (Record no. 180306)
[ view plain ]
| 000 -LEADER | |
|---|---|
| fixed length control field | 01104aam a2200337 i 4500 |
| 001 - CONTROL NUMBER | |
| control field | vtls000863548 |
| 003 - CONTROL NUMBER IDENTIFIER | |
| control field | PNM |
| 005 - DATE AND TIME OF LATEST TRANSACTION | |
| control field | 20201202102558.0 |
| 008 - FIXED-LENGTH DATA ELEMENTS--GENERAL INFORMATION | |
| fixed length control field | 181015s2019 my a j 6 000 c may |
| 015 ## - NATIONAL BIBLIOGRAPHY NUMBER | |
| National bibliography number | M19-11311 |
| 020 ## - INTERNATIONAL STANDARD BOOK NUMBER | |
| International Standard Book Number | 9789674813338 |
| Qualifying information | paperback |
| Terms of availability | RM8.00 |
| 039 #9 - LEVEL OF BIBLIOGRAPHIC CONTROL AND CODING DETAIL [OBSOLETE] | |
| Level of rules in bibliographic description | 202006091029 |
| Level of effort used to assign nonsubject heading access points | AUTHORITY |
| Level of effort used to assign subject headings | 202001311317 |
| Level of effort used to assign classification | siti |
| Level of effort used to assign subject headings | 202001140921 |
| Level of effort used to assign classification | elsie |
| Level of effort used to assign subject headings | 202001140921 |
| Level of effort used to assign classification | elsie |
| 040 ## - CATALOGING SOURCE | |
| Original cataloging agency | BNM |
| Language of cataloging | eng |
| Transcribing agency | BNM |
| Description conventions | rda |
| Modifying agency | PPAK |
| 049 ## - LOCAL HOLDINGS (OCLC) | |
| Holding library | mal |
| 082 04 - DEWEY DECIMAL CLASSIFICATION NUMBER | |
| Classification number | 741.59595 |
| Edition number | 23 |
| 090 00 - LOCALLY ASSIGNED LC-TYPE CALL NUMBER (OCLC); LOCAL CALL NUMBER (RLIN) | |
| Classification number (OCLC) (R) ; Classification number, CALL (RLIN) (NR) | 741.59595 |
| Feature heading | POY |
| Feature heading | G |
| 100 0# - MAIN ENTRY--PERSONAL NAME | |
| Personal name | Poyo, |
| Dates associated with a name | 1979-2017, |
| Relator term | author. |
| 245 10 - TITLE STATEMENT | |
| Title | LAWAK BUDAK SEKOLAH : |
| Remainder of title | Cikgu Baru / |
| Statement of responsibility, etc. | karya FROGGYPAPA ; berdasarkan karya asal POYO |
| 264 #1 - PRODUCTION, PUBLICATION, DISTRIBUTION, MANUFACTURE, AND COPYRIGHT NOTICE | |
| Place of production, publication, distribution, manufacture | Batu Caves, Selangor : |
| Name of producer, publisher, distributor, manufacturer | PTS Publishing House Sdn. Bhd., |
| Date of production, publication, distribution, manufacture, or copyright notice | 2019 |
| 300 ## - PHYSICAL DESCRIPTION | |
| Extent | 117 pages : |
| Other physical details | illustrations ; |
| Dimensions | 21 cm |
| 336 ## - CONTENT TYPE | |
| Content type term | text |
| Source | rdacontent |
| 337 ## - MEDIA TYPE | |
| Media type term | unmediated |
| Source | rdamedia |
| 338 ## - CARRIER TYPE | |
| Carrier type term | volume |
| Source | rdacarrier |
| 650 10 - SUBJECT ADDED ENTRY--TOPICAL TERM | |
| Topical term or geographic name entry element | Comic books, strips, etc. |
| Geographic subdivision | Malaysia |
| Topical term or geographic name entry element | Comic books and teenagers |
| 700 0# - ADDED ENTRY--PERSONAL NAME | |
| Personal name | Froggypapa, |
| Dates associated with a name | 1982- |
| Relator term | author. |
| 942 ## - ADDED ENTRY ELEMENTS (KOHA) | |
| Source of classification or shelving scheme | Dewey Decimal Classification |
| Koha item type | Book |
| 949 ## - LOCAL PROCESSING INFORMATION (OCLC) | |
| 6 | 2000707653 |
| 6 | 2000707652 |
| 6 | 2000707651 |
| Withdrawn | Not for loan | Current library | Shelving location | Date acquired | Total Checkouts | Total Renewals | Full call number | Barcode | Checked out | Date last seen | Date last checked out | Koha item type |
|---|---|---|---|---|---|---|---|---|---|---|---|---|
| Perpustakaan Alor Setar | Pinjaman Dewasa | 02/12/2020 | 20 | 2 | 741.59595 POY | A00740198 | 07/05/2026 | 16/04/2026 | 16/04/2026 | Book |